000 00690nam a2200205Ii 4500
003 JO-AjNU
008 230605s9999||||xx |||||||||||||| ||und||
017 _a1989/3/175
040 _aJO-AjNU
_bara
_erda
_cJO-AjNU
041 _aara
050 1 4 _aHB71.M3222.1989
100 3 _aابو خضير،بسام/علي ربابعة/حسين بني هاني/نواف شطناوي,
_eauthor
_913492
245 0 0 _aمدخل الى علم الاقتصاد
264 3 1 _aاربد:دار الكندي للنشر والتوزيع،1989
300 _a303ص
336 _atext
_btxt
_2rdacontent
337 _aunmediated
_bn
_2rdamedia
338 _avolume
_bnc
_2rdacarrier
650 4 _aاقتصاد
_913493
999 _aA3374
_c6942
_d6942